00517nam a2200181 a 45000010010000000030011000100080041000210350026000620820018000881000022001062450021001282600038001496500012001879420012001999520089002119980020003009990015003200000-9173ELIB.Books110520 1954  a(ELIB.Books)0000-9325 a266.023 bTor aTorbet, Robert G. aVenture of Faith bNew York: The Judson Press c1954 aMission 2ddccBK 00102ddc4070aKBTSbKBTSd2011-05-20l0p228r2022-01-22 00:00:00w2022-01-22yBK cbate2011-05-20 c9173d9173